[Event "Interzonal-14c"]
[Site "Zagreb"]
[Date "1987.??.??"]
[Round "1"]
[White "Nikolic, Predrag"]
[Black "Kortschnoj, Viktor Lvovich"]
[Result "1/2-1/2"]
[WhiteElo "2620"]
[BlackElo "2630"]
[Annotator "Ftacnik,L"]
[PlyCount "53"]
[EventDate "1987.08.01"]
[EventType "tourn"]
[EventRounds "17"]
[EventCountry "YUG"]
[EventCategory "12"]
[SourceTitle "CBM 004"]
[Source "ChessBase"]
[SourceDate "1988.06.01"]
[SourceVersion "1"]
[SourceVersionDate "1988.06.01"]
[SourceQuality "1"]

1. d4 Nf6 2. c4 e6 3. Nf3 Bb4+ 4. Bd2 c5 5. Bxb4 cxb4 6. g3 O-O 7. Bg2 d6 8.
O-O Re8 9. a3 Nc6 $5 (9... Na6 10. Nbd2) 10. d5 exd5 11. cxd5 Ne7 12. Ne1 (12.
axb4 Nexd5 13. b5 (13. Ng5 Re5) 13... Bd7 14. Na3 $13) 12... bxa3 13. Rxa3 (13.
Nxa3 Bf5) 13... b5 $1 14. b4 (14. Nc2 $6 a5 15. Nb4 Bd7 16. Nc6 Qb6) 14... a5
15. bxa5 b4 $1 (15... Rxa5 16. Qd2 Rxa3 17. Nxa3 Qb6 18. Nec2) (15... Bb7 16.
Rd3 $5 Qxa5 17. Nc2 b4 18. Nxb4) 16. Ra4 Rxa5 17. Rxb4 Nexd5 18. Rb2 (18. Rd4
Ba6 $1 19. Bxd5 (19. Bf3 $15) 19... Bxe2 20. Qb3 Nxd5 21. Rxd5 Bxf1 22. Kxf1
Qa8 $1) 18... Bf5 (18... Ba6 19. Nd3 $10) 19. Nf3 Be4 20. Qd4 $10 Qa8 (20...
Qc7 21. Nbd2 Nc3 22. Nxe4 Rxe4 23. Qd3 Rd5 24. Qa6 Ra5 $10) (20... Qc8 21. Nbd2
Nc3 22. Nxe4 Rxe4 23. Qxd6 $10) 21. Nc3 Nxc3 22. Qxc3 Rc8 23. Qb4 Ra1 24. Qxd6
Rxf1+ 25. Bxf1 Bxf3 26. exf3 Qxf3 27. Qd3 (27. Rb8 $2 Qxf2+ $1 28. Kxf2 Ne4+)
1/2-1/2

[Event "Interzonal-14c"]
[Site "Zagreb"]
[Date "1987.??.??"]
[Round "14"]
[White "Inkiov, Ventzislav"]
[Black "Nikolic, Predrag"]
[Result "0-1"]
[WhiteElo "2485"]
[BlackElo "2620"]
[Annotator "Ftacnik,L"]
[PlyCount "110"]
[EventDate "1987.08.01"]
[EventType "tourn"]
[EventRounds "17"]
[EventCountry "YUG"]
[EventCategory "12"]
[SourceTitle "CBM 004"]
[Source "ChessBase"]
[SourceDate "1988.06.01"]
[SourceVersion "1"]
[SourceVersionDate "1988.06.01"]
[SourceQuality "1"]

1. d4 Nf6 2. c4 e6 3. Nf3 Bb4+ 4. Nbd2 O-O 5. a3 Be7 6. e3 c5 7. Bd3 (7. dxc5)
7... d5 8. O-O dxc4 9. Nxc4 b5 $5 10. Nce5 c4 11. Be2 (11. Bc2 Bb7) 11... Bb7
12. a4 (12. b3 $13) 12... a6 13. axb5 axb5 14. Rxa8 Bxa8 15. b3 Ne4 16. bxc4 f6
17. Nd3 (17. Ng4 $6 h5) 17... bxc4 18. Nf4 (18. Nc5 Nc3 19. Qc2 Nxe2+ 20. Qxe2
Bxc5 21. dxc5 Qd5) 18... Nc3 19. Qc2 Nxe2+ 20. Qxe2 Qc8 $10 21. e4 $1 (21. Bd2
Be4) 21... Bd6 (21... Na6 22. d5 $1) 22. Re1 (22. Rd1 Bc6 $1) (22. Bd2 Bxf4 23.
Bxf4 Qc6 24. Re1 Na6) 22... Na6 23. e5 Bb4 24. Rf1 (24. Rd1) 24... Bxf3 25.
Qxf3 fxe5 26. dxe5 Rf7 (26... Nc5 27. Qg4) 27. Qg4 (27. Qe4 Bf8) 27... Nc7 28.
Nh5 (28. Rd1 $5) 28... Nd5 29. Rd1 Qc6 30. h3 (30. Rd4 Qb6) (30. Rxd5 Qxd5 31.
Nf6+ Rxf6 32. exf6 g6 $17) 30... c3 (30... Bf8 $13) 31. Rxd5 Qxd5 32. Nf6+ Rxf6
33. exf6 Bf8 34. fxg7 Bc5 35. Qa4 $2 (35. Qe2 $10) 35... Qf5 $1 $17 36. Qe8+
Kxg7 37. Qd7+ Kf6 $1 38. Qd8+ Ke5 39. Be3 c2 $1 (39... Bxe3 $2 40. fxe3) 40.
Qh8+ (40. Qc7+ Ke4 $1 41. Qc6+ Qd5) (40. g4 c1=Q+ $1) 40... Kd5 (40... Ke4 41.
Qc3) 41. Qa8+ Kc4 42. Qa4+ Kc3 43. Qa5+ Bb4 (43... Kb3 44. Qb5+ Bb4 45. Qxf5 $1
exf5 46. Kf1 { g4=}) 44. Bd2+ (44. Qxf5 exf5 45. g4 Kd3 $1 46. Bc1 Bd2 47. Bb2
f4 $17) 44... Kxd2 45. Qxb4+ Kd1 $1 $19 (45... Ke2 46. Qc4+ Qd3 47. Qxe6+) 46.
Qd4+ Kc1 47. Qe3+ (47. Qa1+ Kd2 48. Qd4+ Qd3) 47... Kb2 48. Qd4+ Kb3 49. Qe3+ (
49. Qb6+ Kc3 50. Qc6+ Kb4 51. Qb6+ Qb5) 49... Kc4 50. Qe2+ Kc5 51. Qe3+ Kc6 52.
g3 (52. Qc3+ Qc5 53. Qf3+ Kb6 54. Qb3+ Kc7 55. Qg3+ e5 56. Qg7+ Kb6 57. Qf6+
Kb5) 52... Qd5 53. Qc3+ Qc5 54. Qf3+ Kb6 55. Qb3+ Kc7 0-1

[Event "RUS Cup final 6th"]
[Site "Nefteyugansk"]
[Date "2002.10.09"]
[Round "5"]
[White "Yevseev, Denis"]
[Black "Bocharov, Dmitry"]
[Result "1-0"]
[WhiteElo "2553"]
[BlackElo "2502"]
[Annotator "Ftacnik,L"]
[PlyCount "95"]
[EventDate "2002.10.06"]
[EventType "tourn"]
[EventRounds "11"]
[EventCountry "RUS"]
[EventCategory "11"]
[SourceTitle "CBM 092"]
[Source "ChessBase"]
[SourceDate "2003.02.06"]
[SourceVersion "1"]
[SourceVersionDate "2003.02.06"]
[SourceQuality "1"]

1. d4 Nf6 2. c4 e6 3. g3 Bb4+ 4. Bd2 Qe7 5. Nf3 Nc6 6. Nc3 Bxc3 7. Bxc3 Ne4 8.
Rc1 O-O 9. Bg2 d6 10. d5 Nd8 11. Nd2 Nxc3 12. Rxc3 e5 13. c5 f5 14. cxd6 cxd6
15. O-O Nf7 16. Qb3 Qf6 {Black needs to survive on the queenside, his chances
are fully concentrated on the other flank.} 17. Qa3 f4 (17... e4 18. Rd1 Qd4
19. Qb3 $14) 18. Rc7 Bg4 (18... b5 19. Rxa7 Rxa7 20. Qxa7 $14) 19. f3 Bf5 20.
g4 Bg6 (20... Bc8 21. Rfc1 $14) 21. Rxb7 Rac8 22. e4 Rc2 (22... fxe3 $5 {
Bocharov should have probably taken on e3, now his counterplay ideas will be
constrained by space.} 23. Qxe3 Qh4 24. Rxa7 $14) 23. Qd3 Rfc8 24. Rb4 $5 (24.
Rxa7 Qd8 25. Ra6 Rxb2 26. Nc4 Rbb8 $14) 24... R2c5 (24... a5 25. Rc4 R2xc4 26.
Nxc4 $14) 25. Rc4 Rxc4 26. Nxc4 h5 (26... Nd8 27. Rc1 Be8 28. Bf1 Bb5 29. b3
$14) 27. gxh5 (27. h3 Qh4 28. Na5 Ng5 29. Nc6 Nxh3+ 30. Bxh3 Qxh3 $11) 27...
Bxh5 28. Na5 (28. Bh3 Rc7 29. Be6 Kf8 30. b3 Ng5 $14) 28... Kh8 29. Nc6 Ng5 30.
b4 {White is planing to queen the pawn so black simply has to break through
against his king.} (30. Nxa7 $5 Ra8 31. Qb3 Qg6 32. Kh1 $18) 30... Rc7 31. b5
Be8 32. a4 Qh6 (32... Bxc6 33. dxc6 $18) 33. Qa3 Bd7 34. a5 Nh3+ (34... Rb7 35.
b6 axb6 36. a6 Bxc6 37. axb7 Bxb7 38. Qa7 $18) 35. Kh1 Qh4 (35... Kh7 36. b6
axb6 37. axb6 Rb7 38. Qa6 Bc8 39. Qa8 $18) 36. Qxd6 Nf2+ 37. Kg1 (37. Rxf2 $2
Qxf2 38. Qb4 Bh3 39. Bxh3 Qxf3+ 40. Kg1 Qe3+ 41. Kh1 Qxh3 $15) 37... Nh3+ 38.
Bxh3 Bxh3 (38... Qxh3 39. Qxc7 $18) 39. Qd8+ $5 {Very safe, since despite
extra exchange black will be unable to stop white pawns.} (39. Qxe5 $5 Bxf1 (
39... Rb7 40. Rc1 Rxb5 41. Kh1 Kh7 42. Rg1 $18) 40. Qxc7 Qh3 41. Qd8+ Kh7 42.
Qg5 Bxb5 43. Qf5+ Qxf5 44. exf5 $18) 39... Qxd8 40. Nxd8 Bxf1 41. Kxf1 Rc1+ (
41... Rc5 42. d6 Rxb5 43. d7 Rb1+ 44. Ke2 Rb2+ 45. Kd1 Rb1+ 46. Kd2 Rb2+ 47.
Kd3 Rb8 48. Nc6 $18) 42. Ke2 Kg8 43. Nc6 Kf8 44. Nxa7 Ke8 45. Nc6 Rb1 46. b6
Kd7 (46... Rb3 47. Nxe5 Kd8 48. Nc4 Kc8 49. a6 $18) 47. Nxe5+ Kd6 48. a6 $1 (
48. a6 $1 Rxb6 (48... Kxe5 49. a7 $18) 49. Nc4+ Kc7 50. Nxb6 Kxb6 51. d6 $18)
1-0

[Event "Wotulo Memorial"]
[Site "Jakarta"]
[Date "2001.04.02"]
[Round "13"]
[White "Sasikiran, Krishnan"]
[Black "Sharavdorj, Dashzeveg"]
[Result "1-0"]
[WhiteElo "2601"]
[BlackElo "2441"]
[Annotator "Ftacnik,L"]
[PlyCount "81"]
[EventDate "2001.03.23"]
[EventType "tourn"]
[EventRounds "13"]
[EventCountry "INA"]
[EventCategory "8"]
[SourceTitle "CBM 083"]
[Source "ChessBase"]
[SourceDate "2001.07.05"]
[SourceVersion "1"]
[SourceVersionDate "2001.07.05"]
[SourceQuality "1"]

1. d4 Nf6 2. c4 e6 3. Nf3 Bb4+ 4. Nbd2 O-O 5. a3 Be7 6. e4 d5 7. Bd3 dxe4 8.
Nxe4 Nc6 9. Ng3 $5 {Very interesting novelty in a well known position, white
keeps all his pieces for the possible kingside attack.} (9. Qc2 Nxe4 10. Bxe4
Nxd4 11. Nxd4 Qxd4 12. Bxh7+ Kh8 13. Bd3 f5 14. O-O b6 15. Qe2 e5 16. Be3 Qh4
17. f3 Bf6 {1/2-1/2 Kubikova,H-Voiska,M/Hajduszoboszlo/1991/ (31)}) (9. Be3 Ng4
(9... Nxe4 10. Bxe4 f5 11. Bxc6 bxc6 12. O-O Bf6 13. Qa4 c5 14. Rad1 Qe8 15.
Qa5 Qc6 16. d5 exd5 17. cxd5 Qb6 18. Qxc5 Qxb2 19. Qxc7 {1-0 Yakovich,
Y-Lopushnoy,D/Novgorod/1997/ (26)}) 10. O-O Nxe3 11. fxe3 f5 12. Nc3 Bf6 13.
Bc2 g6 14. Qe2 Qe7 15. Rad1 Bd7 16. e4 fxe4 17. Bxe4 Rae8 18. Nb5 Bc8 19. Rfe1
{1-0 Seirawan,Y-Adams,M/Roquebrune/1992/ (78)}) (9. Nc3 b6 10. O-O Bb7 11. Be3
g6 12. h3 Nb8 13. Qe2 c5 14. Rfd1 Qc8 15. dxc5 bxc5 16. Rab1 Nc6 17. Bf4 Re8
18. Qe3 Nh5 19. Bh2 f5 {0-1 Alexandria,N-Zayac,E/Biel/1997/ (42)}) 9... Kh8 10.
Bc2 a6 (10... b6 11. Qd3 Bb7 12. Bg5 g6 13. h4 $40) 11. Bg5 b5 12. Qd3 (12. c5
h6 13. Bxf6 Bxf6 14. Qd3 g6 15. Rd1 Bb7 $11) 12... g6 (12... bxc4 13. Qxc4 Qd5
14. Qc3 $14) 13. h4 $5 bxc4 14. Qxc4 Qd5 15. Qc3 Bb7 (15... h5 $2 16. Bxf6+
Bxf6 17. Be4 $18) 16. h5 $1 {[%mdl 128] Black's defense was obviously flawed,
Sasikiran opens up the h file for his mighty rook on h1.} Kg8 17. hxg6 fxg6 (
17... hxg6 18. Rc1 $16) 18. Qd3 Qa5+ 19. Bd2 Qb5 (19... Nb4 20. Bxb4 Bxb4+ 21.
Ke2 Be7 22. Rxh7 $1 $18 Be4 23. Nxe4 Nxh7 24. Ne5 $16) 20. Qe3 e5 $2 (20... Nd8
21. b4 $16) 21. Bb3+ Kh8 (21... Kg7 22. Qh6+ Kh8 23. Bg5 $18) 22. Ne4 Ng4 (
22... Nxd4 23. Nxd4 exd4 24. Nxf6 Bxf6 25. Rxh7+ $1 Kxh7 26. Qh6#) 23. Nfg5 h5
(23... Nxe3 24. Rxh7#) 24. Rxh5+ $1 (24. Qg3 Nxd4 25. Qxg4 Qxb3 26. Rxh5+ Kg8
27. Rh8+ Kg7 28. Rh7+ Kg8 29. Rc1 $18) 24... gxh5 25. Qh3 Bxg5 (25... Kg7 26.
Qxh5 $18) 26. Qxh5+ Nh6 (26... Kg7 27. Qxg5+ $18) (26... Bh6 27. Bxh6 exd4 (
27... Qxb3 28. Bc1+ Kg7 29. Qxg4+ Kf7 30. Qh5+ Kg7 31. Bh6+ $18) 28. Bg5+ Kg7
29. Qxg4 $18) 27. Nxg5 $2 {Strange slip in a completely winning position,
white must have agonized over the easiest way to win.} (27. Bxg5 Qxb3 28. Qxh6+
Kg8 29. Qg6+ Kh8 30. Nf6 $18) 27... Rf6 28. Nf7+ Kh7 (28... Rxf7 29. Qxh6+ Rh7
30. Qf6+ Rg7 31. Bh6 $18) 29. Bc2+ e4 (29... Kg8 30. Nxh6+ Kf8 31. Qg5 $18) 30.
Bxe4+ Kg7 (30... Kg8 31. Nxh6+ Kf8 32. Qh4 $1 $18) 31. Bxh6+ Kg8 (31... Rxh6
32. Qxh6+ Kxf7 33. Rc1 Re8 34. Qh7+ Kf8 35. Rc5 Rxe4+ 36. Qxe4 $18) 32. Bd5 $6
{Another second rate move, that probably throws away lion's share of the
advantage.} (32. d5 Rc8 33. Qg5+ Kxf7 34. Qg7+ Ke8 35. Bg6+ Rxg6 36. Qxg6+ $18)
(32. Qg4+ Kxf7 33. Qg7+ Ke6 34. d5+ Ke5 35. dxc6 Re8 36. f3 $18) 32... Ne7 33.
Bg5 Qxd5 (33... Nxd5 34. Bxf6 Qe8+ $1 (34... Re8+ 35. Ne5 $18) 35. Be5 Kf8 36.
Qh8+ Kxf7 37. Qh7+ Ke6 38. Rc1 Rc8 $13) 34. Qh8+ Kxf7 35. Qxf6+ Kg8 36. Qxe7
Qc6 (36... Qe4+ 37. Qxe4 Bxe4 38. f3 $18) 37. Rc1 Qg6 (37... Re8 38. Rxc6 Rxe7+
39. Bxe7 Bxc6 40. f3 $18) 38. Kd2 Re8 39. Qf6 Qh5 (39... Qxf6 40. Bxf6 Rf8 41.
Rxc7 Rxf6 42. Rxb7 Rxf2+ 43. Kc3 $18) 40. Be3 Be4 (40... Bxg2 41. Rxc7 $18) 41.
Rc5 1-0

[Event "Interzonal-16"]
[Site "Biel"]
[Date "1993.??.??"]
[Round "6"]
[White "Epishin, Vladimir"]
[Black "Smyslov, Vassily V"]
[Result "1/2-1/2"]
[WhiteElo "2655"]
[BlackElo "2520"]
[Annotator "Ftacnik,L"]
[PlyCount "92"]
[EventDate "1993.07.16"]
[EventType "swiss"]
[EventRounds "13"]
[EventCountry "SUI"]
[SourceTitle "CBM 037"]
[Source "ChessBase"]
[SourceDate "1993.12.01"]
[SourceVersion "1"]
[SourceVersionDate "1993.12.01"]
[SourceQuality "1"]

1. d4 Nf6 2. c4 e6 3. Nf3 Bb4+ 4. Bd2 a5 5. Qc2 d6 6. Nc3 Nbd7 7. Bg5 $5 (7. e3
) 7... h6 8. Bh4 b6 9. e3 Bb7 10. Bd3 e5 $2 (10... O-O) (10... c5) 11. dxe5
Nxe5 (11... dxe5 12. Bf5 $16) 12. Nxe5 dxe5 13. O-O-O Bxc3 14. Be4 $1 Qc8 (
14... Bxb2+ 15. Qxb2 $18) 15. Bxb7 (15. Bf5 Bxb2+ 16. Kxb2 Qb8 17. Qc3 O-O 18.
Qxe5 Re8 $13) 15... Qxb7 16. Qxc3 Nd7 $8 17. Rd5 f6 18. Rhd1 $2 (18. Qd3 O-O-O
19. Rd1 Qc6 20. f4 $16) 18... Nc5 19. Qc2 (19. f4 c6 20. Rxc5 bxc5 21. fxe5 O-O
22. exf6 Rae8 $1 $10) 19... O-O 20. Qg6 Qc8 21. f3 Qe8 22. Qc2 $2 (22. Qxe8
Raxe8 23. e4 Ne6 24. Bf2 Nf4 $1 25. Rd7 Rf7 26. g3 Ne6 $14) 22... e4 $15 23.
fxe4 Qxe4 24. Qxe4 Nxe4 25. Rd7 Rac8 26. b3 Rfe8 27. Be1 Nc5 28. R7d5 Kf7 29.
Bc3 c6 30. Rf5 $1 Ne4 31. Be1 Rcd8 32. Rxd8 Rxd8 33. Kc2 g5 (33... g6 34. Rf4
f5 35. g4 Ke6 36. gxf5+ gxf5 37. Rh4 $10) 34. c5 $1 Ke6 35. g4 bxc5 $2 (35...
Nxc5 $1 36. Bxa5 Nd7 37. Bc3 h5 38. h3 hxg4 39. hxg4 Rh8 $15) 36. a4 $1 h5 37.
h3 hxg4 38. hxg4 Rd5 39. Rf1 c4 40. bxc4 Re5 41. Rf3 Kf7 (41... f5 $142 42.
gxf5+ Rxf5 43. Rxf5 Kxf5 44. Bxa5 Nc5 45. Be1 Nxa4 46. Kd3 Nc5+ 47. Kd4 Ne6+
48. Kd3 $15) 42. Rf5 $1 $10 Rxf5 43. gxf5 Nc5 44. Bxa5 Nxa4 45. Bc7 Nc5 46. Kc3
Nd7 1/2-1/2

[Event "Ostrava m"]
[Site "Ostrava"]
[Date "1997.??.??"]
[Round "5"]
[White "Ftacnik, Lubomir"]
[Black "Hracek, Zbynek"]
[Result "1/2-1/2"]
[WhiteElo "2585"]
[BlackElo "2605"]
[Annotator "Ftacnik,L"]
[PlyCount "48"]
[EventDate "1997.09.??"]
[EventType "match"]
[EventRounds "6"]
[EventCountry "CZE"]
[SourceTitle "CBM 061"]
[Source "ChessBase"]
[SourceDate "1997.11.23"]
[SourceVersion "1"]
[SourceVersionDate "1997.11.23"]
[SourceQuality "1"]

1. d4 Nf6 2. Nf3 e6 3. c4 Bb4+ 4. Bd2 Qe7 5. g3 Nc6 6. Nc3 Bxc3 7. Bxc3 Ne4 8.
Rc1 O-O 9. Bg2 d6 10. d5 Nd8 11. Bb4 a5 (11... e5 {/\f7-f5,Nd8-f7} 12. Nd2 Nxd2
(12... a5 13. Nxe4 axb4 14. c5 (14. Qb3 c5 $5 15. dxc6 Nxc6 $13) 14... f5 15.
cxd6 cxd6 16. Nd2 Nf7 17. Qb3 b5 (17... e4 18. Nc4 $16 {/\Nb6}) 18. Qxb4 Rxa2
19. O-O Qa7 20. Nb1 $1 $14 {Ehlvest,J-Wahls,M/Tilburg (01)/1994/1-0 (55)}) 13.
Qxd2 (13. Bxd2 $1 a5 14. c5 $1 dxc5 15. Qc2 $16 b6 $4 16. d6 $18) 13... b6 14.
Bc3 (14. c5 bxc5 15. Bxc5 dxc5 16. d6 cxd6 17. Bxa8 Nb7 $44 18. e4 Bh3 19. Bxb7
Qxb7 20. f3 f5 $40) 14... a5 15. O-O Nb7 16. f4 f6 17. f5 Nc5 18. b3 Bd7 19.
Bb2 Qf7 {1/2-1/2 Marin,M-Hracek,Z/Odorheiu zt (05)/1995/}) 12. Ba3 e5 13. Nd2 (
13. Qc2 Nc5 $1 (13... f5 14. c5 b6 $1 15. cxb6 cxb6 16. Nd2 Nc5 17. Nc4 $14)
14. Bxc5 dxc5 15. O-O f6 $6 (15... e4 16. Nd2 e3 17. fxe3 Qxe3+ 18. Kh1 Bg4)
16. e4 Nf7 17. Ne1 $1 b6 18. Nd3 Bd7 19. f4 Rae8 20. Rce1 $14 {Dautov,R-Hracek,
Z/Nussloch (02)/1996/1-0 (111)}) 13... Nc5 (13... Nxd2 14. Qxd2 b6 $11) 14. O-O
f5 15. f4 Nf7 (15... exf4 16. gxf4 Qe3+ $2 17. Rf2 Nf7 18. Nf1 Qe7 19. b3 Nh6
20. h3 Kh8 21. Bb2 Ng8 22. Rc3 Nf6 23. Rg3 Rf7 24. Qd4 $14 {1/2-1/2 Henley,
R-Wahls,M/Biel op (05) 1996 (33)}) 16. Rc3 Bd7 17. b3 exf4 (17... Rae8 18. Re3
(18. Bb2 $5 exf4 19. gxf4 Qxe2 20. Rg3 g6 (20... Qxd1 $2 21. Rxg7+ Kh8 22.
Rxf7+ Kg8 23. Rg7+ $18) 21. Qc2 Re3 {[#]} 22. Ba1 $1 (22. Rf2 Qd3 $15) 22...
Rxg3 23. hxg3 Qe3+ 24. Kh1 (24. Kh2 Nh6 25. Qb2 Ng4+ 26. Kh3 Rf6 27. Nf3 Nd3
$17) 24... Qxg3 25. Qb2 Qh4+ (25... Ne5 26. fxe5 Nd3 27. Qc3 dxe5 28. Nf3 Nf4
29. Qd2 e4 30. Ne1 $16) 26. Kg1 Qh6 27. Rf3 Re8 28. Rh3 Qf8 $17) 18... g5 $5
19. Bb2 h6 20. Nf3 gxf4 21. gxf4 Ne4 22. Nd2 $14) 18. gxf4 Rae8 19. Bb2 $6 (19.
Rg3 $1 Qxe2 $2 20. Qa1 g6 21. Qc3 $18) 19... Nh6 (19... Qxe2 $5) 20. Rg3 (20.
Re1 Ne4 21. Nxe4 fxe4 22. Rg3 Nf5 23. Rg5 Rf7 24. e3 h6 $11) 20... Rf7 (20...
Ng4 21. Bf3 (21. e4 Qh4 22. Rh3 (22. Nf3 Qh6 23. e5 Ne3 $19) 22... Qe7) 21...
Qh4 22. Bxg4 fxg4 23. Bd4 $11) 21. Bf3 (21. Re1 Ne4 (21... Qh4 22. Nf3 Qxf4 $2
23. Bc1 Re3 24. Ne5 $16) 22. Nxe4 fxe4 23. e3 Nf5 $11) 21... Qh4 (21... Ne4 $2
22. Nxe4 fxe4 23. Bh5 g6 24. Qd4 Kf8 25. Qh8+ Ng8 26. Bxg6 $18) 22. Qc2 (22.
Rf2 Ne4 23. Bxe4 fxe4 24. Rfg2 Nf5 25. Rg4 Qxg4 26. Rxg4 Ne3 27. Qe1 Nxg4 $11)
22... Ne4 $1 {Black plays consequently for counterplay, the e4 square belongs
to the decisive points. Schwarz spielt sehr konsequent auf Gegenspiel, das e4
Feld gehort zu den entscheidenen Posten.} (22... Ng4 23. Bxg4 fxg4 24. e4 Ref8
(24... Nxe4 $2 25. Nxe4 Bf5 26. Re3 $1 (26. Re1 Rfe7 27. Qc3 Qh6 28. Qxa5 Rxe4
29. Rxe4 Rxe4 $11) 26... Rxe4 (26... Rfe7 27. Qc3 Qh6 28. Ng3 $1 Rxe3 29. Nxf5
Rxc3 30. Nxh6+ gxh6 31. Bxc3 $18) 27. Rxe4 Re7 28. Rxe7 Bxc2 29. Rxg7+ Kf8 30.
Rf2 $16) 25. Qc3 b6 26. f5 Re8 $14) (22... Qxf4 $2 23. Bh5 $18) 23. Rg2 (23.
Bxe4 fxe4 24. Nxe4 Bf5 25. Qc3 Bxe4 26. Rxg7+ Kf8 $19) (23. Nxe4 fxe4 24. Bxe4
Ng4 $1 (24... Bf5 $6 25. Bd3 $1 (25. Bxf5 Nxf5 26. Qd3 Nxg3 27. hxg3 Qe7 $17)
25... Bxd3 26. Qxd3 Nf5 27. Rgf3 $16) 25. Rxg4 Bxg4 26. Rf2 Bh3 $17) 23... b6 (
23... Ng4 24. Rxg4 $1 fxg4 25. Bxe4 g3 26. Nf3 $16) (23... Nxd2 $6 24. Qxd2 b6
25. Qd4 $14) (23... Nf6 24. Qc3) 24. e3 (24. Nxe4 fxe4 25. Bxe4 Bh3 $1 (25...
Bf5 26. Bxf5 Nxf5 27. Qc3 Re4 $14) (25... Ng4 26. Bd4 Rfe7 27. Bf5 $14) 26.
Bxh7+ Kh8 $1 (26... Kf8 27. e4 $1 (27. Bg6 $2 Bxg2 28. Bxf7 Ng4 $19) 27... Ng4
28. Bg6 Bxg2 (28... Ne3 $2 29. Qc3 Bxg2 30. Bxf7 $18) 29. Qxg2 Ne3 30. Qg3
Qxg3+ 31. hxg3 Nxf1 32. Kxf1 $14) 27. Bg6 Bxg2 28. Bxf7 Be4 $1 (28... Bxf1 29.
Bxe8 Bh3 30. Qc3 Nf5 31. Bd7 (31. Kh1 Kg8 $1) 31... Qg4+ 32. Qg3 $1 (32. Kf2
Qh4+ 33. Kg1 Qg4+) 32... Nxg3 33. Bxg4 Bxg4 34. hxg3 Bxe2 $14) (28... Ng4 29.
Bxg7+ Kxg7 30. Qg6+ Kh8 31. Qh5+ Qxh5 32. Bxh5 Rxe2 $17) 29. Qc3 Qg4+ 30. Qg3 (
30. Kf2 Nxf7 $19) 30... Qxg3+ 31. hxg3 Nxf7 $17) 24... Nf6 (24... Nf6 25. Bd4 (
25. Bd1 $6 Nhg4 26. Nf3 Qh6 $1 (26... Qh3 27. Bd4 (27. Rg3 $2 Qxf1+ 28. Kxf1
Nxe3+ $19) (27. Ng5 Qxe3+ 28. Kh1 Rfe7 29. h3 Qe1 $3 30. Rgg1 (30. Rxe1 Rxe1+
31. Rg1 Rxg1+ 32. Kxg1 Re1+ 33. Kg2 Ne3+ $19) (30. Qd3 Re3 $19) 30... Qh4 $19)
27... Ne4) 27. Ng5 Rfe7 28. Bxf6 Nxf6 29. Qd2 Rxe3 30. Ne6 Bxe6 31. Qxe3 Bxd5
$19) 25... Nhg4 26. Re2 (26. Bxg4 Nxg4 (26... fxg4 27. e4 Nh5 28. f5 g3) 27.
Nf3 Qh5 28. Qc3 Rfe7 29. Re1 c5 $1 30. dxc6 Bxc6 $19) (26. Qc3 $2 Rfe7 27. Re2
Rxe3 28. Bxe3 Rxe3 $19) 26... Rfe7 27. Rfe1 Ne4 28. Nf1 $13) 1/2-1/2

[Event "Olympiad-36"]
[Site "Mallorca"]
[Date "2004.10.17"]
[Round "3"]
[White "Huzman, Alexander"]
[Black "Markus, Robert"]
[Result "1-0"]
[WhiteElo "2581"]
[BlackElo "2555"]
[Annotator "Ftacnik,L"]
[PlyCount "99"]
[EventDate "2004.10.15"]
[EventType "team-swiss"]
[EventRounds "14"]
[EventCountry "ESP"]
[SourceTitle "CBM 104"]
[Source "ChessBase"]
[SourceDate "2005.01.27"]
[SourceVersion "1"]
[SourceVersionDate "2005.01.27"]
[SourceQuality "1"]
[WhiteTeam "Israel"]
[BlackTeam "Yugoslavia"]
[WhiteTeamCountry "ISR"]
[BlackTeamCountry "YUG"]

1. d4 Nf6 2. c4 e6 3. g3 Bb4+ 4. Bd2 Qe7 5. Nf3 Nc6 6. Nc3 Bxc3 7. Bxc3 Ne4 8.
Rc1 O-O 9. Bg2 d6 10. d5 Nxc3 11. Rxc3 Nd8 12. O-O e5 13. c5 f5 14. cxd6 cxd6
15. Qb3 {White tends to control the c file, but Black's counterplay on the
kingside should not be underestimated.} Nf7 16. Rfc1 b6 17. Qa3 a5 (17... Qf6
18. Rc7 e4 19. Ne1 Ne5 20. f4 exf3 21. Nxf3 $14) 18. Rc6 Ba6 19. Qe3 $1 (19.
Rxb6 Bxe2 20. Nd2 Qg5 $11) 19... Qd8 (19... Rab8 20. Nd4 Qg5 21. Ne6 Qxe3 22.
fxe3 Rfc8 23. e4 $16) 20. Nd2 (20. Nh4 f4 21. Qxb6 Bxe2 22. Qxd8 Nxd8 23. R6c2
f3 24. Bh3 g6 25. Ng2 Rb8 26. Ne3 $13) 20... e4 (20... f4 21. gxf4 exf4 22.
Qxb6 Bxe2 23. Qxd8 Raxd8 24. Rc7 $14) 21. f4 (21. Rxb6 Bxe2 22. Rcc6 Bd3 $11)
21... exf3 $6 {[%mdl 32] Markus wrongly feels he has to open up the position
and get rid of pawn sitting on White square. After 21...Bb7! equality seems to
be quite satisfactory.} (21... Bb7 $1 22. Rxb6 Bxd5 23. b3 a4 $11) 22. Nxf3 (
22. Bxf3 Re8 23. Qxb6 Bxe2 24. Qxd8 Raxd8 $14) 22... Re8 (22... Bb7 23. R6c3
Bxd5 24. Ng5 Bxg2 25. Ne6 Re8 26. Nxd8 Rxe3 27. Rxe3 Be4 28. Nxf7 Kxf7 29. Rc7+
$16) 23. Qxb6 Qf6 (23... Qxb6+ 24. Rxb6 Bxe2 25. Nd4 Bd3 26. b3 $16) 24. Qd4
Qh6 (24... Rxe2 $2 25. Rxa6 $1 $18) 25. Qf4 Qf6 (25... Qxf4 26. gxf4 Bb7 27.
Nd4 $1 Bxc6 28. dxc6 Rac8 29. Bd5 $18) 26. Qd4 Qh6 27. e3 Be2 (27... Qxe3+ $2
28. Qxe3 Rxe3 29. Rxa6 Rxa6 30. Rc8+ $18) 28. Qf4 $5 {Huzman feels, that good
endgame will offer him excellent chances for win.} (28. Nh4 g6 29. R1c3 $16)
28... Bxf3 29. Qxh6 gxh6 (29... Nxh6 30. Bxf3 Rxe3 31. Kf2 Rae8 32. Rxd6 Ng4+
33. Bxg4 fxg4 34. Rc2 $18) 30. Bxf3 Rxe3 31. Bh5 $1 Ng5 (31... Rd8 32. Ra6 Ne5
33. Rxa5 $18) 32. Rxd6 f4 33. gxf4 Nh3+ 34. Kh1 Nxf4 (34... Rf8 35. Rd7 Rxf4
36. Rd8+ Rf8 37. Bf7+ Kg7 38. Rxf8 Kxf8 39. Be6 $18) 35. Bg4 {White Bishop is
much stronger than opponent's Knight, since the pawns on the board are far
from symmetrical.} h5 36. Bf5 Rae8 37. Rg1+ Kf7 (37... Kh8 38. Rd7 $18) 38. Rf1
Ne2 (38... Re1 $2 39. Be6+ $18) 39. Bg4+ Kg8 40. Bxh5 Rf8 41. Rdf6 Rxf6 42.
Rxf6 Nc1 (42... Re5 43. Bg4 $18) 43. d6 Nxa2 44. d7 {The passed d pawn easily
decides the game.} Rd3 45. Bg4 (45. Rf7 Nb4 46. Re7 Nc6 47. Re6 Rxd7 48. Rxc6
$18) 45... Kg7 46. Rc6 h5 47. Bf5 Rd1+ 48. Kg2 Nb4 49. Rc8 Kf6 50. Bh3 1-0